MDQL
is popping MORE tags! Check the
thread
!
Quizzes
Events
Quiz Creation
Community
Videos
Private Events
Remove Ads
Sign In
Join for FREE
Feedback
Dark Mode
Quiz Categories
Sports
Geography
Music
Movies
Television
Just For Fun
Miscellaneous
History
Literature
Language
Science
Gaming
Entertainment
Religion
Holiday
For Kids
Quiz Lab
Recent
Popular Today
Quiz Kudos Today
Editor Picks
Curator Picks
Quizzes by...
Day
Popularity
Type
Ratings
Length
Year
Community
Subscriptions
Recent Discussions
Orange Saloon
Badges
Playlists
Quests
Create
Leaderboards
Showdown
Live 5
Trivia Bingo
Activity
Puzzle Library
Sporcle Events
Private Events
Virtual Trivia
Globe League
Become a Host
Pub Owners
SporcleCon
Opinionation
Our Games
Videos
Blog
Mobile Apps
Partnerships
Remove Ads and Go Orange
Feedback
Music
Pop Music
The Beatles
Song
Album
Lyrics
Bands
Singers
Artist
Clip
Rock
Rap
Classical
Billboard
Country Music
Kpop
Taylor Swift
Music
Pop Music
The Beatles
Song
Album
Lyrics
Bands
Singers
Artist
Clip
Rock
Rap
Classical
Billboard
Country Music
Kpop
Taylor Swift
Random Quiz
Search Sporcle
×
Quiz Lab
Quiz Lab
Music
Song
Type in answers that appear in a list
Type in answers that appear in a list
Classic
Best Score? Go Orange.
Covered By Laibach Stats
Can you name the songs which have been covered by Laibach?
By
StupidBunny
6m
28 Questions
18 Plays
18 Plays
18 Plays
Comments
Comments
Give Quiz Kudos
Give Quiz Kudos
-
- Ratings
hide this ad
More Info
Replay
Link that replays current quiz
Next Quiz
Link to next quiz in quiz playlist
You Got
0%
They Got
Avg Score
43%
Avg Friend Score
Upgrade to see
Score Distribution
Jump to the score distribution portion of the page
Score
0/28
Timer
06:00
0
Plays Today
Original artist
Song
% Correct
Opus
Live is Life
88.9%
Gustav Holst
Mars, the Bringer of War
66.7%
Rolling Stones
Sympathy for the Devil
66.7%
Europe
The Final Countdown
66.7%
Queen
One Vision
61.1%
Edwin Starr
War
55.6%
The Beatles
Get Back
50%
The Beatles
Two of Us
50%
Zager and Evans
2525
50%
Andrew Lloyd Weber, Tim Rice
Superstar
50%
The Beatles
Dig a Pony
44.4%
The Beatles
I Me Mine
44.4%
Bolland & Bolland
In the Army Now
44.4%
Pink Floyd
Dogs of War
44.4%
Original artist
Song
% Correct
Rammstein
Ohne Dich
44.4%
Juno Reactor
God is God
44.4%
Prince
The Cross
44.4%
The Beatles
Across the Universe
38.9%
The Beatles
Dig It
38.9%
The Beatles
One After 909
38.9%
The Beatles
For You Blue
38.9%
Slime
Alle Gegen Alle
38.9%
The Beatles
The Long and Winding Road
27.8%
Paul Revere and the Raiders
Indian Reservation
27.8%
Stanislav Binički
Marš na Drinu
22.2%
The Beatles
I've Got a Feeling
11.1%
Moondog
Crescent Moon March
5.6%
Ludwig Rahlfs
Auf der Lüneburger Heide
5.6%
Quiz Playlist
Details
Report
Send in Message
Add To Playlist
More Info:
Covers of national anthems are excluded.
Classic:
Type in answers that appear in a list
Last Updated: Feb 16, 2017
Quiz Scoreboard
CHALLENGE
Sign Up to Join the Scoreboard
Show All
Scores
Hide
Comments
May contain spoilers
Recently Published
Image Sorting: Flags VI
by Barbecue
Geography
2m
Find the 'City' Movie
by crazypaving
Movies
60s
Colored Red Africa Blitz
by spor1
Geography
45s
More to Explore
Quiz From the Vault
Featured Blog Post
14 Easter Pick-up Lines to Find Eggs With
hide this ad
You Might Also Like...
Tags
Song Quiz
Cover
Cover Songs
laibach
Song Covers
Today's Top Quizzes in Music
Browse Music
hide this ad
Today's Top Quizzes in Song
Browse Song
Top Contributed Quizzes in Music
1
5X2 Blitz: Bands II
2
5X2 Blitz: The Beatles
3
Taylor Swift All Songs (2024)
4
5X2 Blitz: Billboard
5
5X2 Blitz: Billboard II
6
5X2 Blitz: Album
7
5X2 Blitz: Rock
8
5X2 Blitz: Singers
9
Taylor Swift Logic Puzzle II
10
5X2 Blitz: Lyrics
Explore More
Trending Topics
NBA
Anime
Kpop
Disney
Harry Potter
Crossword
Marvel
Country
Pokémon
The Office
WWE
NFL
Soccer
Song
Puzzle
hide this ad
More By:
StupidBunny
Quiz
Plays
Rating
Category
Featured
Created
Countries Shorter Than the Burj Khalifa
46,570
4.26
Geography
Jan 18, 2012
Countries with Non-Contiguous Regions
9,390
4.41
Geography
Apr 20, 2011
Band/Artist by YouTube comments
3,408
4.70
Music
May 14, 2013
Doom Monsters Without Doom II
2,201
5.00
Gaming
Sep 17, 2013
Pink Floyd A to Z
1,619
5.00
Music
Apr 20, 2014
Go to Creator's Profile
Score Distribution
Quiz Creator Spotlight
StupidBunny
Follow
Send a Message
Quizzes Created
-
Created Quiz Play Count
-
More By This Creator
Popular Quizzes Today
1
Colored Red Africa Blitz
2
Find the US States - No Outlines Minefield
3
Find the 'City' Movie
4
5x2 Blitz: Bands
5
The Countries of the World
6
Find the US States
7
Find the Countries of Europe - No Outlines Minefield
8
US States
More Music Quizzes
Mixed Kpop Songs (same artists)
Curator's Pick
Trending Quizzes
Colored Red Europe Blitz I
Colored Red Europe Blitz II
Colored Red Africa Blitz II
Colored Red Europe Blitz III
Colored Red Africa Blitz III
Recently Updated
How Do You Spell That?
pecheneg
Godzilla Movies
pecheneg
Grab Bag: 4-10 Letters
pecheneg
2024 March Madness Bracket
pecheneg
Famous TV Couples
Peacemaker
Champions League XIs: Real Madrid
pecheneg
Largest US Cities 1790-2010
pecheneg
Rides in Walt Disney World
pecheneg
Most Oscar Losses (Acting)
pecheneg
Beyoncé Albums
pecheneg
Trending Topics
Marvel
Harry Potter
NBA
Anime
Disney
Crossword
Kpop
Soccer
Song
Pokémon
The Office
Puzzle
Country
WWE
NFL
Your Account Isn't Verified!
In order to create a playlist on Sporcle, you need to verify the email address you used during registration. Go to your
Sporcle Settings
to finish the process.
Report this User
Report this user for behavior that violates our
Community Guidelines
.
Details:
Send Report
Go to the Sporcle.com Mobile Site →
Comments